书目信息 |
| 题名: |
土壤及地下水修复工程设计
|
|
| 作者: | 郭 编著 ;北京建工环境修复股份有限公司翻译组 译 | |
| 分册: | ||
| 出版信息: | 北京 电子工业出版社 2016.11 |
|
| 页数: | 280页 | |
| 开本: | 23cm | |
| 丛书名: | ||
| 单 册: | ||
| 中图分类: | X53 , X523.06 | |
| 科图分类: | ||
| 主题词: | 土壤污染--污染防治 , 地下水污染--污染防治 | |
| 电子资源: | ||
| ISBN: | 978-7-121-30135-3 | |
| 000 | 01526nam0 2200313 450 | |
| 001 | 76 | |
| 005 | 20180921111022.23 | |
| 010 | @a978-7-121-30135-3@dCNY59.00 | |
| 100 | @a20170215d2016 em y0chiy50 ea | |
| 101 | 1 | @achi@ceng |
| 102 | @aCN@b110000 | |
| 105 | @ay az 001yy | |
| 200 | 1 | @a土壤及地下水修复工程设计@9tu rang ji di xia shui xiu fu gong cheng she ji@dPractical design calculations for groundwater and soil remediation@f(美)杰夫·郭(Jeff Kuo)编著@g北京建工环境修复股份有限公司翻译组译@zeng |
| 205 | @a2版 | |
| 210 | @a北京@c电子工业出版社@d2016.11 | |
| 215 | @a280页@d23cm | |
| 305 | @a本书中文简体翻译版授权由电子工业出版社独家出版 | |
| 314 | @a杰夫·郭 (Jeff Kuo),于1995年受聘于加利福尼亚州立大学土木与环境工程系,在此之前,他已在环境工程领域从业十余载。 | |
| 320 | @a有书目和索引(第256-261页) | |
| 330 | @a本书内容丰富翔实,涵盖了场地修复工程计算的多个方面,包括场地调查、反应器设计、土壤和地下水修复等的计算,是一本具有指导意义的设计计算说明书。场地修复工程涉及地质、水文、化学、土木、环境等学科,这使得具有单一学科背景的人员难以完成系统的场地修复设计计算。 | |
| 510 | 1 | @aPractical design calculations for groundwater and soil remediation@zeng |
| 606 | 0 | @a土壤污染@x污染防治 |
| 606 | 0 | @a地下水污染@x污染防治 |
| 690 | @aX53@v5 | |
| 690 | @aX523.06@v5 | |
| 701 | 0 | @c(美)@a郭@9guo@c(Kuo, Jeff)@4编著 |
| 712 | 02 | @a北京建工环境修复股份有限公司翻译组@9bei jing jian gong huan jing xiu fu gu fen you xian gong si fan yi zu@4译 |
| 801 | 0 | @aCN@b91MARC@c20170215 |
| 905 | @aMuseLib@dX53@e170=2 | |
| 土壤及地下水修复工程设计=Practical design calculations for groundwater and soil remediation/(美)杰夫·郭(Jeff Kuo)编著/北京建工环境修复股份有限公司翻译组译.-2版.-北京:电子工业出版社,2016.11 |
| 280页;23cm |
| ISBN 978-7-121-30135-3:CNY59.00 |
| 本书内容丰富翔实,涵盖了场地修复工程计算的多个方面,包括场地调查、反应器设计、土壤和地下水修复等的计算,是一本具有指导意义的设计计算说明书。场地修复工程涉及地质、水文、化学、土木、环境等学科,这使得具有单一学科背景的人员难以完成系统的场地修复设计计算。 |
| ● |
| 相关链接 |
|
|
|
|
正题名:土壤及地下水修复工程设计
索取号:X53/170=2
 
预约/预借
| 序号 | 登录号 | 条形码 | 馆藏地/架位号 | 状态 | 备注 |
| 1 | 1118119 | 211181193 | 第二样本阅览室/ [索取号:X53/170=2] | 在馆 | |
| 2 | 1118120 | 211181200 | 第三借阅区/ [索取号:X53/170=2] | 在馆 | |
| 3 | 1118121 | 211181219 | 第三借阅区/ [索取号:X53/170=2] | 在馆 | |
| 4 | 1118122 | 211181228 | 第三借阅区/ [索取号:X53/170=2] | 在馆 | |
| 5 | 1118123 | 211181237 | 第三借阅区/ [索取号:X53/170=2] | 在馆 |